Kenya City Quiz - Statistics

General Stats
  • This quiz has been taken 69 times
  • The average score is 4 of 8
Answer Stats
City % Correct
Nairobi
100%
Mombasa
94%
Kisumu
67%
Eldoret
63%
Nakuru
59%
Thika
24%
Ruiru
9%
Kikuyu
2%
No matching quizzes found
Score Distribution
Percent of People with Each Score
Percentile by Number Answered
Your Score History
You have not taken this quiz